西武〇〇駅 - Statistics

General Stats
  • This quiz has been taken 158 times
  • The average score is 5 of 7
Answer Stats
Answer % Correct
西武新宿
93%
西武園
82%
西武秩父
81%
西武球場前
75%
西武立川
74%
西武柳沢
66%
西武園ゆうえんち
57%
No matching quizzes found
Score Distribution
Percent of People with Each Score
Percentile by Number Answered
Your Score History
You have not taken this quiz